| 000 | 00743 a2200253 4500 | ||
|---|---|---|---|
| 999 |
_c329636 _d329636 |
||
| 001 | 33794 | ||
| 003 | NUST | ||
| 005 | 20190808045444.0 | ||
| 008 | 170516b xxu||||| |||| 00| 0 eng d | ||
| 020 | _a9789693510485 | ||
| 038 | _aArshad | ||
| 040 | _cNUST | ||
| 041 | _hurdu | ||
| 082 |
_a891.4392 _bBUT |
||
| 100 |
_aYounas Butt, M. Dr. _9906 |
||
| 245 |
_aKharmastian [Urdu] _cby Younas Butt |
||
| 260 |
_aLahore _bSange Meel _c2008 |
||
| 300 | _a310 p | ||
| 650 |
_aUrdu Literature _9347 |
||
| 880 |
_6100-01\(3\r _aڈاکٹر محمد یونس بٹ |
||
| 880 |
_6245-02\(3\r _aخرمستیاں _cڈاکٹر محمد یونس بٹ |
||
| 880 |
_6260-03\(3\r _aلاہور: _bسنگ میل پبلی کیشنز، _c2008 |
||
| 942 |
_cBK _2ddc |
||